000 00315nam a2200121 4500
999 _c517173
_d517173
082 _aTNC K23x54 G748
100 _aGoyal, S.K.
_924588
245 _aIndian revenue service
260 _aDelhi
_bKonark
_c2005
300 _a204p
650 _aTanatior India
_924589
650 _aIndia Revenue services (IRS)
_924590